| 000 | 00660nam a2200241Ia 4500 | ||
|---|---|---|---|
| 008 | 160517s9999 xx 000 0 und d | ||
| 020 | _a978-981-4232-49-4 | ||
| 050 | _aComSc QA 76.5 | ||
| 050 | _b.A58 2008 c.1 | ||
| 100 | _aAntonakos, James L. | ||
| 245 | 4 | _aThe Intel microprocessor family : | |
| 245 | _bhardware and software principles and applications / | ||
| 245 | _cJames L. Antonakos. | ||
| 260 | _aAustralia : | ||
| 260 | _bThomson Course Tech., | ||
| 260 | _c2008 | ||
| 300 | _a618 pages : | ||
| 300 | _bill. ; | ||
| 300 | _c26 cm. | ||
| 500 | _aIncludes index. | ||
| 650 | _aIntel microprocessors. | ||
| 650 | _xComputer systems. | ||
| 999 |
_c294163 _d294163 |
||